[Event "3rd Gujarat GM Open 2022"]
[Site "Ahmedabad"]
[Date "2022.04.04"]
[Round "7.5"]
[White "Stany, G.A."]
[Black "Wagh Suyog"]
[Result "1-0"]
[WhiteElo "2517"]
[BlackElo "2232"]
[Annotator "ChessBase"]
[PlyCount "151"]
[EventDate "2022.03.31"]
[EventType "swiss"]
[EventCountry "IND"]
[SourceTitle "playchess.com"]
[Source "ChessBase"]
[SourceQuality "1"]
[TimeControl "5400+30"]

1. e4 {[%emt 1:31:00]} c5 {[%emt 0:00:46]} 2. Nf3 {[%emt 0:00:00]} d6 {[%emt 0:00:05]} 3. d4 {[%emt 0:00:00]} cxd4 {[%emt 0:01:36]} 4. Nxd4 {[%emt 0:00:00]} Nf6 {[%emt 0:00:03]} 5. Nc3 {[%emt 0:00:00]} Nc6 {[%emt 0:00:04]} 6. Bg5 {[%emt 0:00:00]} e6 {[%emt 0:00:10]} 7. Qd3 {[%emt 0:00:00]} Be7 {[%emt 0:31:14]} 8. O-O-O {[%emt 0:00:00]} Qb6 {[%emt 0:13:35]} 9. Be3 {[%emt 0:00:00]} Ng4 {[%emt 0:30:32]} 10. Nxc6 {[%emt 0:00:00]} Qxc6 {[%emt 0:02:11]} 11. Bf4 {[%emt 0:00:00]} O-O {[%emt 0:03:30]} 12. Bg3 {[%emt 0:00:00]} a6 {[%emt 0:01:22]} 13. f4 {[%emt 0:00:00]} Qc5 {[%emt 0:02:46]} 14. Rd2 {[%emt 0:00:00]} b5 {[%emt 0:01:57]} 15. Qf3 {[%emt 0:00:00]} b4 {[%emt 0:02:10]} 16. Na4 {[%emt 0:00:00]} Qa5 {[%emt 0:02:05]} 17. Qxg4 {[%emt 0:00:00]} Qxa4 {[%emt 0:00:09]} 18. Kb1 {[%emt 0:00:00]} Bd7 {[%emt 0:01:55]} 19. Bd3 {[%emt 0:00:00]} Bb5 {[%emt 0:00:23]} 20. f5 {[%emt 0:00:00]} Bxd3 {[%emt 0:01:15]} 21. Rxd3 {[%emt 0:00:00]} Rac8 {[%emt 0:00:27]} 22. Rc1 {[%emt 0:00:00]} exf5 {[%emt 0:00:55]} 23. exf5 {[%emt 0:00:00]} Rfe8 {[%emt 0:00:29]} 24. Bf2 {[%emt 0:00:00]} Bf6 {[%emt 0:01:57]} 25. Bd4 {[%emt 0:00:00]} Re1 {[%emt 0:00:50]} 26. b3 {[%emt 0:01:53]} Rxc1+ {[%emt 0:00:16]} 27. Kxc1 {[%emt 0:00:04]} Qxa2 {[%emt 0:00:05]} 28. Rd2 {[%emt 0:00:03]} Bxd4 {[%emt 0:01:06]} 29. Qxd4 {[%emt 0:00:09]} Qxb3 {[%emt 0:00:32]} 30. Qxd6 {[%emt 0:00:30]} Qe3 {[%emt 0:00:33]} 31. Qxa6 {[%emt 0:03:17]} Rd8 {[%emt 0:00:31]} 32. Qe2 {[%emt 0:00:29]} Qa3+ {[%emt 0:00:24]} 33. Kb1 {[%emt 0:00:04]} Ra8 {[%emt 0:00:30]} 34. Qe5 {[%emt 0:00:03]} b3 {[%emt 0:00:30]} 35. c4 {[%emt 0:04:43]} Qa4 {[%emt 0:00:33]} 36. Qc3 {[%emt 0:02:27]} Re8 {[%emt 0:00:32]} 37. Rb2 {[%emt 0:00:56]} Rb8 {[%emt 0:00:22]} 38. Rd2 {[%emt 0:01:34]} h6 {[%emt 0:00:36]} 39. f6 {[%emt 0:00:16]} Re8 {[%emt 0:00:26]} 40. Rb2 {[%emt 0:00:30]} Ra8 {[%emt 0:00:31]} 41. Qxb3 {[%emt 0:00:43]} Qa1+ {[%emt 0:00:12]} 42. Kc2 {[%emt 0:00:03]} Rd8 {[%emt 0:00:31]} 43. Qg3 {[%emt 0:00:56]} Qd1+ {[%emt 0:00:35]} 44. Kc3 {[%emt 0:00:02]} Qd4+ {[%emt 0:00:26]} 45. Kb3 {[%emt 0:00:45]} Qb6+ {[%emt 0:00:32]} 46. Kc2 {[%emt 0:00:16]} Qxf6 {[%emt 0:01:21]} 47. Rb8 {[%emt 0:00:07]} Qf5+ {[%emt 0:00:00]} 48. Kc3 {[%emt 0:01:04]} Qa5+ {[%emt 0:00:27]} 49. Kb3 {[%emt 0:00:11]} g5 {[%emt 0:00:23]} 50. c5 {[%emt 0:00:29]} Kh7 {[%emt 0:00:37]} 51. Rxd8 {[%emt 0:00:15]} Qxd8 {[%emt 0:00:02]} 52. Qd6 {[%emt 0:00:25]} Qa5 {[%emt 0:01:00]} 53. Qd3+ {[%emt 0:02:08]} Kg8 {[%emt 0:00:03]} 54. Qc4 {[%emt 0:00:04]} Qc7 {[%emt 0:00:48]} 55. c6 {[%emt 0:00:42]} Qb6+ {[%emt 0:00:23]} 56. Ka4 {[%emt 0:00:10]} Qa7+ {[%emt 0:00:17]} 57. Kb5 {[%emt 0:00:42]} Qb8+ {[%emt 0:00:16]} 58. Ka5 {[%emt 0:00:33]} Qc7+ {[%emt 0:00:57]} 59. Ka6 {[%emt 0:00:07]} Qc8+ {[%emt 0:00:06]} 60. Kb6 {[%emt 0:00:05]} Qb8+ {[%emt 0:00:05]} 61. Kc5 {[%emt 0:00:05]} Qf8+ {[%emt 0:00:53]} 62. Kd5 {[%emt 0:00:45]} Qd8+ {[%emt 0:00:06]} 63. Ke4 {[%emt 0:00:41]} Qe7+ {[%emt 0:01:07]} 64. Kf5 {[%emt 0:01:32]} Qc7 {[%emt 0:00:07]} 65. g3 {[%emt 0:00:05]} Qc8+ {[%emt 0:00:32]} 66. Ke4 {[%emt 0:00:42]} Qc7 {[%emt 0:01:18]} 67. Qc5 {[%emt 0:00:38]} Kh7 {[%emt 0:00:27]} 68. Qf5+ {[%emt 0:00:08]} Kg8 {[%emt 0:00:04]} 69. Qd7 {[%emt 0:00:12]} Qb6 {[%emt 0:00:34]} 70. c7 {[%emt 0:01:17]} Qb1+ {[%emt 0:00:31]} 71. Ke5 {[%emt 0:00:45]} Qb2+ {[%emt 0:00:52]} 72. Qd4 {[%emt 0:00:50]} Qe2+ {[%emt 0:00:29]} 73. Kd6 {[%emt 0:00:06]} Qa6+ {[%emt 0:00:32]} 74. Ke7 {[%emt 0:00:53]} Qb7 {[%emt 0:00:32]} 75. Kd8 {[%emt 0:00:09]} Kf8 {[%emt 0:00:31]} 76. Qh8# {[%emt 0:00:43]} 1-0

[Event "3rd Gujarat GM Open 2022"]
[Site "Ahmedabad"]
[Date "2022.04.04"]
[Round "7.7"]
[White "Mirzoev, Azer"]
[Black "Daakshin Arun"]
[Result "1-0"]
[WhiteElo "2468"]
[BlackElo "2173"]
[Annotator "RC"]
[PlyCount "91"]
[EventDate "2022.03.31"]
[EventType "swiss"]
[EventCountry "IND"]
[SourceTitle "playchess.com"]
[Source "ChessBase"]
[SourceQuality "1"]
[TimeControl "5400+30"]

1. d4 {[%emt 0:04:38]} Nf6 {[%emt 0:00:06]} 2. Nf3 {[%emt 0:00:05]} g6 {[%emt 0:00:05]} 3. Nbd2 {[%emt 0:00:09]} Bg7 {[%emt 0:00:21]} 4. e4 {[%emt 0:00:07]} d6 {[%emt 0:00:26]} 5. c3 {[%emt 0:00:11]} Nbd7 {[%emt 0:00:32]} 6. Bd3 {[%emt 0:00:10]} e5 {[%emt 0:00:06]} 7. O-O {[%emt 0:00:09]} O-O {[%emt 0:00:08]} 8. Re1 {[%emt 0:00:11]} c6 {[%emt 0:00:30]} 9. h3 {[%emt 0:00:52]} Qc7 {[%emt 0:00:59]} 10. a4 {[%emt 0:01:47]} a5 {[%emt 0:01:11]} 11. Nf1 {[%emt 0:02:08]} Re8 {[%emt 0:01:57]} 12. Ng3 {[%emt 0:00:07]} b6 {[%emt 0:00:41]} 13. Bg5 {[%emt 0:04:10]} Bb7 {[%emt 0:00:37]} 14. Qd2 {[%emt 0:07:35]} Rad8 {[%emt 0:02:34]} 15. Rad1 {[%emt 0:01:54]} c5 {[%emt 0:07:21]} 16. d5 {[%emt 0:17:19]} c4 {[%emt 0:00:31]} 17. Bc2 {[%emt 0:00:06]} Rc8 {[%emt 0:01:39]} 18. Rf1 {[%emt 0:07:47]} Nc5 {[%emt 0:01:19]} 19. Nh2 {[%emt 0:04:05]} Ncd7 {[%emt 0:04:44]} 20. Kh1 {[%emt 0:02:48]} Kh8 {[%emt 0:01:19]} 21. f4 {[%emt 0:01:16]} exf4 {[%emt 0:00:45]} 22. Rxf4 {[%emt 0:06:28]} Ng8 {[%emt 0:04:26]} 23. Rxf7 {[%emt 0:02:08]} Rf8 {[%emt 0:00:12]} 24. Rdf1 {[%emt 0:02:05]} Rxf7 {[%emt 0:00:09]} 25. Rxf7 {[%emt 0:00:12]} Rf8 {[%emt 0:00:58]} 26. Qf2 {[%emt 0:01:59]} Qc8 {[%emt 0:01:13]} 27. Ng4 {[%emt 0:05:55]} Qe8 {[%emt 0:01:58]} 28. Rxf8 {[%emt 0:00:14]} Qxf8 {[%emt 0:00:04]} 29. Qxf8 {[%emt 0:00:16]} Bxf8 {[%emt 0:00:16]} 30. Ne2 {[%emt 0:01:23]} h6 {[%emt 0:01:22]} 31. Bf4 {[%emt 0:02:15]} g5 {[%emt 0:00:53]} 32. Be3 {[%emt 0:00:52]} Kg7 {[%emt 0:01:14]} 33. Nd4 {[%emt 0:00:24]} Kf7 {[%emt 0:00:47]} 34. Nf5 {[%emt 0:01:15]} Bc8 {[%emt 0:01:05]} 35. Bd4 {[%emt 0:01:11]} Nc5 {[%emt 0:00:44]} 36. Nge3 {[%emt 0:00:27]} Ba6 {[%emt 0:00:38]} 37. Kg1 {[%emt 0:04:32]} Nf6 {[%emt 0:01:47]} 38. Bxf6 {[%emt 0:06:13]} Kxf6 {[%emt 0:00:04]} 39. Ng4+ {[%emt 0:00:04]} Kg6 {[%emt 0:00:03]} 40. Nxd6 {[%emt 0:01:38]} Nd3 {[%emt 0:00:46]} 41. e5 {[%emt 0:01:15]} h5 {[%emt 0:01:00]} 42. Ne3 {[%emt 0:00:34]} Bxd6 {[%emt 0:00:23]} 43. exd6 {[%emt 0:00:12]} Kf6 {[%emt 0:00:03]} 44. Bd1 {[%emt 0:06:24]} Nxb2 {[%emt 0:01:09]} 45. Bxh5 {[%emt 0:00:10]} Nxa4 {[%emt 0:00:06]} 46. Ng4+ {[%emt 0:00:23]} 1-0

[Event "3rd Gujarat GM Open 2022"]
[Site "Ahmedabad"]
[Date "2022.04.04"]
[Round "7.8"]
[White "Krishna C R G"]
[Black "Weerawardane, Romesh"]
[Result "1-0"]
[WhiteElo "2466"]
[BlackElo "2005"]
[Annotator "RC"]
[PlyCount "67"]
[EventDate "2022.03.31"]
[EventType "swiss"]
[EventCountry "IND"]
[SourceTitle "playchess.com"]
[Source "ChessBase"]
[SourceQuality "1"]
[TimeControl "5400+30"]

1. d4 {[%emt 0:02:06]} Nf6 {[%emt 0:00:01]} 2. Nf3 {[%emt 0:00:16]} e6 {[%emt 0:00:34]} 3. c4 {[%emt 0:00:38]} Bb4+ {[%emt 0:00:21]} 4. Bd2 {[%emt 0:00:02]} Qe7 {[%emt 0:00:18]} 5. g3 {[%emt 0:00:22]} O-O {[%emt 0:01:07]} 6. Bg2 {[%emt 0:00:02]} Nc6 {[%emt 0:01:06]} 7. O-O {[%emt 0:00:08]} Bxd2 {[%emt 0:00:20]} 8. Nbxd2 {[%emt 0:00:03]} d6 {[%emt 0:00:11]} 9. e4 {[%emt 0:00:05]} e5 {[%emt 0:00:09]} 10. d5 {[%emt 0:00:02]} Nb8 {[%emt 0:00:10]} 11. Ne1 {[%emt 0:05:33]} a5 {[%emt 0:00:08]} 12. Nd3 {[%emt 0:00:45]} Na6 {[%emt 0:00:06]} 13. f4 {[%emt 0:01:28]} exf4 {[%emt 0:02:28]} 14. gxf4 {[%emt 0:01:23]} Rb8 {[%emt 0:06:43]} 15. Qf3 {[%emt 0:08:04]} Nd7 {[%emt 0:07:11]} 16. Nb3 {[%emt 0:21:47]} a4 {[%emt 0:06:31]} 17. Nd4 {[%emt 0:00:03]} Qf6 {[%emt 0:00:13]} 18. Qe3 {[%emt 0:00:08]} Ndc5 {[%emt 0:07:20]} 19. Nf2 {[%emt 0:01:59]} Re8 {[%emt 0:02:05]} 20. Rfe1 {[%emt 0:01:06]} Qg6 {[%emt 0:12:48]} 21. Kh1 {[%emt 0:04:15]} c6 {[%emt 0:10:26]} 22. Qd2 {[%emt 0:10:40]} cxd5 {[%emt 0:01:42]} 23. cxd5 {[%emt 0:00:20]} Qf6 {[%emt 0:03:24]} 24. Re2 {[%emt 0:07:08]} Bd7 {[%emt 0:01:11]} 25. Rae1 {[%emt 0:00:35]} Nc7 {[%emt 0:00:13]} 26. e5 {[%emt 0:10:16]} Qh6 {[%emt 0:02:52]} 27. b4 {[%emt 0:02:22]} axb3 {[%emt 0:01:19]} 28. axb3 {[%emt 0:00:02]} Nb5 {[%emt 0:08:39]} 29. b4 {[%emt 0:02:28]} dxe5 {[%emt 0:11:13]} 30. Nxb5 {[%emt 0:01:03]} Bxb5 {[%emt 0:00:26]} 31. bxc5 {[%emt 0:00:06]} Bxe2 {[%emt 0:00:24]} 32. Qxe2 {[%emt 0:01:05]} Qxf4 {[%emt 0:00:11]} 33. Ne4 {[%emt 0:04:00]} Qh4 {[%emt 0:03:22]} 34. Nd6 {[%emt 0:01:28]} 1-0

[Event "3rd Gujarat GM Open 2022"]
[Site "Ahmedabad"]
[Date "2022.04.04"]
[Round "7.9"]
[White "Ritviz, Parab"]
[Black "Vignesh N R"]
[Result "0-1"]
[WhiteElo "2349"]
[BlackElo "2444"]
[Annotator "TA"]
[PlyCount "146"]
[EventDate "2022.03.31"]
[EventType "swiss"]
[EventCountry "IND"]
[SourceTitle "playchess.com"]
[Source "ChessBase"]
[SourceQuality "1"]

{[%evp 14,146,29,41,37,18,40,8,18,34,29,24,31,0,16,10,10,8,12,11,26,28,35,31,25,7,60,44,50,11,37,29,29,25,84,26,19,0,31,12,0,0,31,0,22,10,18,7,12,0,0,-53,-20,-27,-14,-20,-8,-8,-10,-14,0,-8,0,0,0,0,0,0,0,0,0,0,0,0,0,0,0,-8,-8,-35,-44,-78,-78,-71,-78,-79,-13,-79,-79,-79,-79,-79,-79,-79,-79,-79,-79,-79,-6,-6,-6,-6,-6,-6,-6,-6,0,-6,-6,-12812,-12814,-12830,-12831,-12831,-12831,-12833,-12833,-12833,-12833,-12834,-12834,-12835,-12835,-12835,-12835,-12836,-12837,-12837,-12837,-12841,-12839,-12839,-12839,-12839,-12838]} 1. e4 c6 2. d4 d5 3. Nc3 dxe4 4. Nxe4 Nf6 5. Nxf6+ exf6 6. c3 Bd6 7. Bd3 O-O 8. Qc2 Re8+ {B15: Caro-Kann: 3 Nc3: 3...g6 and 3...dxe4 4 Nxe4 Nf6 5 Nxf6+ exf6.} 9. Ne2 h5 10. Be3 Nd7 {The position is equal.} 11. O-O h4 {Prevents Ng3.} 12. c4 Nf8 13. Nc3 {[#]} Be6 $146 ({Predecessor:} 13... Bc7 14. Rfe1 Bg4 15. d5 Qd6 16. g3 hxg3 17. hxg3 Qd7 18. c5 Re5 19. d6 Ba5 {½-½ (60) Petrik,T (2462)-Lizak,P (2460) Austria 2019}) 14. d5 cxd5 15. cxd5 ({Much worse is} 15. Nxd5 h3 $15) 15... Bd7 16. Rfe1 Qb8 17. h3 Bh2+ 18. Kh1 Bf4 19. Bd4 Be5 ({Black should try} 19... b6 $11) 20. Bxe5 $14 Rxe5 21. Rad1 Qc7 22. Rxe5 Qxe5 23. Qb3 Qf4 (23... b5 $11 {keeps the balance.}) 24. Kg1 ({Better is} 24. Qxb7 $16 Rb8 25. Qxa7) 24... b6 $11 25. Qc4 Ng6 26. d6 Qxc4 27. Bxc4 Rd8 28. Bb5 Be6 29. Rd4 f5 30. f4 Nf8 31. Bc6 Bd7 32. Bd5 (32. Bxd7 $11 Rxd7 33. Nb5) 32... g6 33. Kf2 Kg7 34. Bc4 Bc6 35. g3 hxg3+ 36. Kxg3 Kf6 37. Bb5 {[#]} Ne6 $1 38. Rd1 Bb7 39. h4 Ng7 40. Rd4 a6 41. Be2 b5 42. a4 Ne6 43. Rd1 bxa4 44. Nxa4 Bc6 45. Nc3 Rb8 46. d7 Ke7 47. Bc4 Bxd7 48. Nd5+ Kf8 49. Nf6 Be8 (49... Ba4 $17 {...Kg7 is the strong threat.} 50. Nd7+ Bxd7 51. Rxd7 Rxb2) 50. Bxe6 (50. b3 $11) 50... fxe6 $17 51. Nxe8 $11 {[%mdl 4096] Endgame KRN-KR} Rb3+ ({Weaker is} 51... Kxe8 52. Rd6 $17) 52. Kf2 Rxb2+ 53. Kg3 Rb3+ 54. Kg2 Kxe8 $17 {KR-KR} 55. Rd6 Ra3 ({Black should play} 55... Ke7 $17 56. Rxa6 Rd3) 56. Rxe6+ $11 Kf7 57. Rb6 Kg7 {[#] Hoping for ...Kh6.} 58. Rb8 $1 a5 {[%cal Ba6a5,Ba5a4,Ba4a3,Ba3a2][%mdl 32]} 59. Ra8 a4 60. Kh2 Ra1 61. Kg2 $2 {[%mdl 8192] White does not recover from this.} (61. Kg3 $11 a3 62. Kh3) 61... a3 $19 {Black is clearly winning.} 62. Kh2 a2 63. Kg2 Kf7 64. Ra6 Ke7 65. Kh2 Kd7 66. Kg2 Kc7 67. Kh2 Kb7 68. Ra4 Kc6 69. Kg2 Kb5 70. Ra8 Kc4 71. Kh2 Kd3 72. Kg2 Ke4 73. Ra4+ Ke3 {Weighted Error Value: White=0.11 (very precise) /Black=0.14 (very precise)} 0-1

[Event "3rd Gujarat GM Open 2022"]
[Site "Ahmedabad"]
[Date "2022.04.04"]
[Round "7.10"]
[White "Ayush Sharma"]
[Black "Abdisalimov, Abdimalik"]
[Result "0-1"]
[WhiteElo "2302"]
[BlackElo "2435"]
[Annotator "RC"]
[PlyCount "92"]
[EventDate "2022.03.31"]
[EventType "swiss"]
[EventCountry "IND"]
[SourceTitle "playchess.com"]
[Source "ChessBase"]
[SourceQuality "1"]
[TimeControl "5400+30"]

1. e4 {[%emt 0:07:35]} c5 {[%emt 0:00:04]} 2. Nf3 {[%emt 0:00:41]} d6 {[%emt 0:00:08]} 3. d4 {[%emt 0:00:23]} cxd4 {[%emt 0:00:05]} 4. Nxd4 {[%emt 0:00:05]} Nf6 {[%emt 0:00:04]} 5. Nc3 {[%emt 0:00:05]} a6 {[%emt 0:00:04]} 6. h3 {[%emt 0:00:04]} Nc6 {[%emt 0:01:21]} 7. g4 {[%emt 0:00:33]} Qb6 {[%emt 0:00:07]} 8. Nde2 {[%emt 0:01:34]} e6 {[%emt 0:00:15]} 9. Bg2 {[%emt 0:00:50]} Be7 {[%emt 0:01:16]} 10. O-O {[%emt 0:00:57]} h6 {[%emt 0:16:32]} 11. Be3 {[%emt 0:01:01]} Qc7 {[%emt 0:07:21]} 12. f4 {[%emt 0:13:11]} b5 {[%emt 0:02:36]} 13. Nd4 {[%emt 0:11:11]} Nxd4 {[%emt 0:18:20]} 14. Qxd4 {[%emt 0:06:50]} Nd7 {[%emt 0:02:05]} 15. a4 {[%emt 0:11:14]} b4 {[%emt 0:03:40]} 16. Qxb4 {[%emt 0:00:03]} Rb8 {[%emt 0:00:04]} 17. Qa3 {[%emt 0:00:29]} Nb6 {[%emt 0:02:51]} 18. Bd4 {[%emt 0:03:28]} Nc4 {[%emt 0:01:06]} 19. Qa2 {[%emt 0:00:01]} Bf6 {[%emt 0:02:08]} 20. Bxf6 {[%emt 0:03:27]} Qc5+ {[%emt 0:00:05]} 21. Rf2 {[%emt 0:07:57]} Rxb2 {[%emt 0:00:29]} 22. Qxb2 {[%emt 0:02:58]} Nxb2 {[%emt 0:00:21]} 23. Bxg7 {[%emt 0:00:02]} Rg8 {[%emt 0:01:31]} 24. Bf6 {[%emt 0:00:01]} Nc4 {[%emt 0:14:18]} 25. e5 {[%emt 0:04:22]} d5 {[%emt 0:01:50]} 26. Rd1 {[%emt 0:00:02]} Bb7 {[%emt 0:01:07]} 27. Ne4 {[%emt 0:03:44]} Qc7 {[%emt 0:00:21]} 28. Bf1 {[%emt 0:00:01]} Ne3 {[%emt 0:01:31]} 29. Nd6+ {[%emt 0:02:42]} Kd7 {[%emt 0:00:01]} 30. Rb1 {[%emt 0:05:11]} Rb8 {[%emt 0:00:01]} 31. Nxf7 {[%emt 0:03:22]} Ba8 {[%emt 0:02:42]} 32. Rxb8 {[%emt 0:02:20]} Qxb8 {[%emt 0:00:03]} 33. f5 {[%emt 0:02:21]} Nxf1 {[%emt 0:01:41]} 34. fxe6+ {[%emt 0:01:14]} Kxe6 {[%emt 0:00:01]} 35. Nd8+ {[%emt 0:00:04]} Kd7 {[%emt 0:00:06]} 36. Rxf1 {[%emt 0:00:26]} d4 {[%emt 0:00:16]} 37. e6+ {[%emt 0:04:09]} Ke8 {[%emt 0:00:01]} 38. Bh4 {[%emt 0:00:22]} Qb6 {[%emt 0:00:29]} 39. e7 {[%emt 0:01:22]} d3+ {[%emt 0:00:04]} 40. Kh2 {[%emt 0:01:44]} Qd6+ {[%emt 0:00:02]} 41. Kg1 {[%emt 0:00:28]} Qd4+ {[%emt 0:00:09]} 42. Kh2 {[%emt 0:01:39]} Qe5+ {[%emt 0:00:07]} 43. Kg1 {[%emt 0:00:12]} Qe3+ {[%emt 0:00:03]} 44. Kh2 {[%emt 0:00:05]} Qe2+ {[%emt 0:00:05]} 45. Rf2 {[%emt 0:00:01]} Qxf2+ {[%emt 0:00:10]} 46. Bxf2 {[%emt 0:00:01]} d2 {[%emt 0:00:05]} 0-1

[Event "3rd Gujarat GM Open 2022"]
[Site "Ahmedabad"]
[Date "2022.04.04"]
[Round "7.11"]
[White "Arpita, Mukherjee"]
[Black "Laxman, R.R."]
[Result "0-1"]
[WhiteElo "2260"]
[BlackElo "2429"]
[Annotator "TA"]
[PlyCount "102"]
[EventDate "2022.03.31"]
[EventType "swiss"]
[EventCountry "IND"]
[SourceTitle "playchess.com"]
[Source "ChessBase"]
[SourceQuality "1"]

{[%evp 13,102,40,29,22,26,-16,-32,-17,21,15,9,-43,-33,-43,-47,-58,-43,-56,-45,-52,-55,-88,-95,-66,-50,-106,-91,-120,-100,-96,-102,-88,-78,-122,-117,-122,-119,-114,-120,-115,-110,-129,-122,-122,-122,-147,-147,-153,-114,-104,-126,-130,-98,-114,-50,-118,-118,-116,-114,-110,-98,-160,-110,-106,-107,-236,-225,-352,-277,-383,-413,-473,-365,-479,-479,-466,-462,-451,-417,-481,-469,-450,-435,-866,-859,-832,-825,-917,-902,-29961,-29957]} 1. e4 e5 2. Nf3 Nc6 3. Bb5 a6 4. Ba4 Nf6 5. d3 d6 6. c3 g6 7. O-O Bg7 8. Nbd2 {C77: Ruy Lopez: 3...a6 4 Ba4 Nf6, unusual lines.} O-O 9. Bxc6 bxc6 10. d4 {Black is slightly better.} Nd7 {[%cal Bf6d7,Bd7b8,Bb8c6][%mdl 32]} 11. Nc4 exd4 12. Nxd4 {[#]} (12. cxd4 $11 d5 13. exd5) 12... Qe8 $146 ({Predecessor:} 12... c5 13. Nc2 Ne5 14. N4e3 Qh4 15. f3 a5 16. c4 Be6 17. Qe2 f5 18. f4 Nd7 19. exf5 gxf5 {½-½ (41) Ikeda,J (2412)-Mihajlov,S (2393) Budapest 2017}) 13. Re1 c5 14. Nc6 Nb8 $1 15. N6a5 {[%cal Oe4e5]} Nc6 {Prevents e5.} 16. a4 {[%cal Oe4e5]} Be6 17. f4 {[%cal Of4f5]} Nxa5 18. Nxa5 {[%cal Of4f5]} Qd7 19. Qd3 (19. h3 $15) 19... Rfe8 20. Nc4 Bxc4 21. Qxc4 Qe6 $1 22. Qd3 c4 23. Qf3 d5 $1 {[%cal Rd5e4]} 24. e5 {[#]} f6 $1 25. Be3 fxe5 26. fxe5 Qxe5 27. Rad1 c6 28. Bf2 Qf5 29. Qg3 Be5 {Prevents Qd6.} 30. Qh4 Qh5 {&Nero is more active.} 31. Qxh5 gxh5 32. Bb6 a5 33. Rb1 Kf7 (33... Bf6 $17 34. Bc5 Rab8 35. Rxe8+ Rxe8) 34. g3 ({Better is} 34. Re3 $1 $15) 34... Bd6 $36 {[%mdl 2048] Black is in control.} 35. Rf1+ Kg6 36. Bd4 {Rf6+ is the strong threat.} Be5 {Inhibits Rf6+.} 37. Bb6 (37. b3 $142) 37... Bf6 (37... Rab8 $142 38. Bxa5 Bd6) 38. Rf2 Re6 39. Rbf1 {[#] This costs White the game.} (39. Bc5 $17) 39... Be7 $1 $19 40. Rf7 (40. Kg2 $142) 40... c5 41. Bc7 Ra7 42. Bd8 d4 43. Bxe7 Raxe7 {[%mdl 4096] Endgame KRR-KRR} 44. R7f5 Re5 45. Rf6+ Kg7 46. cxd4 cxd4 {[%cal Bc5d4,Bd4d3,Bd3d2][%mdl 32]} 47. Rc6 d3 48. Rxc4 (48. Rf2 $142 Rd7 49. Rd2) 48... d2 {( -> ...Re1)} 49. Rd4 Re2 50. Rd5 Rf7 {And now ...Rxf1+ would win.} 51. Rg5+ Kh6 {Weighted Error Value: White=0.57/Black=0.07 (flawless)} 0-1

[Event "3rd Gujarat GM Open 2022"]
[Site "Ahmedabad"]
[Date "2022.04.04"]
[Round "7.12"]
[White "Audi Ameya"]
[Black "Krishnan Ritvik"]
[Result "1-0"]
[WhiteElo "2418"]
[BlackElo "1761"]
[Annotator "RC"]
[PlyCount "59"]
[EventDate "2022.03.31"]
[EventType "swiss"]
[EventCountry "IND"]
[SourceTitle "playchess.com"]
[Source "ChessBase"]
[SourceQuality "1"]
[TimeControl "5400+30"]

1. e4 {[%emt 1:31:00]} c5 {[%emt 1:31:00]} 2. Nf3 {[%emt 0:00:30]} d6 {[%emt 0:00:30]} 3. d4 {[%emt 0:00:30]} cxd4 {[%emt 0:00:30]} 4. Nxd4 {[%emt 0:00:30]} Nf6 {[%emt 0:00:30]} 5. Nc3 {[%emt 0:00:30]} Nc6 {[%emt 0:00:30]} 6. Bg5 {[%emt 0:00:30]} e6 {[%emt 0:00:30]} 7. Qd2 {[%emt 0:00:30]} a6 {[%emt 0:00:30]} 8. O-O-O {[%emt 0:00:30]} Bd7 {[%emt 0:00:30]} 9. f3 {[%emt 0:00:30]} Be7 {[%emt 0:00:30]} 10. h4 {[%emt 0:00:30]} h6 {[%emt 0:00:30]} 11. Be3 {[%emt 0:00:30]} h5 {[%emt 0:00:30]} 12. Nxc6 {[%emt 0:00:30]} Bxc6 {[%emt 0:00:30]} 13. Bg5 {[%emt 0:00:30]} Qc7 {[%emt 0:00:30]} 14. Bc4 {[%emt 0:00:30]} b5 {[%emt 0:00:30]} 15. Bd3 {[%emt 0:00:30]} b4 {[%emt 0:00:30]} 16. Ne2 {[%emt 0:00:30]} d5 {[%emt 0:00:30]} 17. e5 {[%emt 0:00:30]} Ng8 {[%emt 0:00:30]} 18. Nd4 {[%emt 0:00:30]} a5 {[%emt 0:00:30]} 19. f4 {[%emt 0:00:30]} g6 {[%emt 0:00:30]} 20. Kb1 {[%emt 0:00:30]} Bc5 {[%emt 0:00:30]} 21. c3 {[%emt 0:00:30]} Qb6 {[%emt 0:00:30]} 22. Nxc6 {[%emt 0:00:30]} Qxc6 {[%emt 0:00:30]} 23. Qe2 {[%emt 0:00:30]} Rb8 {[%emt 0:00:30]} 24. cxb4 {[%emt 0:00:30]} Bxb4 {[%emt 0:00:30]} 25. Rc1 {[%emt 0:00:30]} Qb6 {[%emt 0:00:30]} 26. Bb5+ {[%emt 0:00:30]} Qxb5 {[%emt 0:00:30]} 27. Rc8+ {[%emt 0:00:30]} Kd7 {[%emt 0:00:30]} 28. Rhc1 {[%emt 0:00:30]} Bd6 {[%emt 0:00:30]} 29. Qxb5+ {[%emt 0:00:30]} Rxb5 {[%emt 0:00:30]} 30. Rd8# {[%emt 0:00:30]} 1-0